[Event "2nd Goa GM Open 2019"]
[Site "Goa"]
[Date "2019.06.24"]
[Round "9.10"]
[White "Rahul Srivatshav P"]
[Black "Gupta, Abhijeet"]
[Result "0-1"]
[WhiteElo "2395"]
[BlackElo "2606"]
[Annotator "TA"]
[PlyCount "126"]
[EventDate "2019.06.17"]
[EventType "swiss"]
[EventCountry "IND"]
[SourceTitle "playchess.com"]
[Source "ChessBase"]
[SourceQuality "1"]

{[%evp 12,126,37,29,26,1,31,16,33,27,33,24,31,0,0,0,0,-4,-7,-31,-31,-18,-3,-10,0,0,9,8,26,20,18,-6,47,50,60,18,22,10,41,37,56,35,57,72,83,74,102,85,110,109,110,116,157,156,147,132,149,127,124,127,111,120,122,121,141,129,127,110,121,0,113,139,124,116,124,107,106,100,92,0,0,-130,-131,-127,-121,-172,-151,-175,-177,-191,-186,-175,-175,-245,-238,-371,-374,-383,-383,-356,-365,-740,-729,-735,-668,-648,-588,-976,-636,-29980,-29981,-29980,-29981,-29981,-29981,-29984,-29985]} 1. Nf3 Nf6 2. c4 Nc6 3. d4 e6 4. a3 d6 5. Nc3 g6 6. e4 Bg7 7. Be2 O-O {E10: Blumenfeld Gambit} 8. Be3 (8. O-O Re8 9. d5 exd5 10. cxd5 Ne7 11. Bf4 c6 12. Re1 cxd5 13. exd5 Nf5 14. Qb3 Nd7 15. Bb5 Rxe1+ 16. Rxe1 {1-0 (36) Krasenkow,M (2630)-Jones,G (2660) Porticcio 2017}) 8... Re8 9. O-O e5 {The position is equal.} 10. dxe5 dxe5 11. Qxd8 Rxd8 12. Rfd1 Bg4 13. h3 $146 ({Predecessor:} 13. Rxd8+ Rxd8 14. Rd1 Rxd1+ {½-½ (14) Zhang,Z (2387)-Fenil,S (2400) Novi Sad 2019}) 13... Bxf3 14. Bxf3 Nd4 15. Bxd4 exd4 16. Nd5 Ne8 17. Rac1 a5 18. Rc2 Kf8 19. Nf4 a4 20. g3 c6 21. Bg2 Nc7 ({Better is} 21... d3 $11 22. Rcd2 (22. Nxd3 Rd4 $11) (22. Rxd3 g5 $15) 22... Rd4) 22. Nd3 $14 Ne6 23. f4 Ra5 24. c5 Rb5 25. h4 Rb3 26. Kf2 Ke8 27. Bh3 Nc7 28. Rc4 Na6 29. Ke2 (29. Rxa4 $2 Rxd3 $1 {[%mdl 512]} 30. Bd7+ Rxd7 $19) 29... Bf8 30. Rdc1 f6 31. Kd2 (31. Rxa4 $6 Nxc5 32. Nxc5 Bxc5 $11) 31... Kf7 32. Bg4 (32. Rxa4 $6 Rxd3+ 33. Kxd3 Nxc5+ 34. Rxc5 Bxc5 $14) 32... Rb5 33. Bd1 Ra5 34. Ke2 f5 35. exf5 gxf5 36. Bxa4 Kf6 37. Bb3 Re8+ 38. Kd2 Re4 39. Ba2 Be7 40. Bb3 (40. h5 $16) 40... h5 (40... Bf8 $1 $11) 41. Bd1 Re3 {[#]} 42. a4 $1 ({Don't play} 42. Rxd4 $6 Rxg3 43. Rd7 (43. Bxh5 Bxc5 44. Nxc5 Nxc5 $15) 43... Nxc5 $11) 42... Nc7 43. Rxd4 Rxg3 {[#]} 44. Bb3 $1 ({But not} 44. Bxh5 $6 Ne6 $11) 44... Rg2+ 45. Kc3 ({White should play} 45. Ke3 $16) 45... Na6 $11 46. Bc4 (46. Re1 $11 {keeps the balance.} Nxc5 47. Nxc5 Rxc5+ 48. Kd3 Rg3+ 49. Re3 Rxe3+ 50. Kxe3) 46... Nxc5 $17 47. Nxc5 Bxc5 48. Rd7 (48. Rd2 $17 Rxd2 49. Kxd2) 48... Rxa4 $19 {aiming for ...b5.} 49. Rf7+ Kg6 {Threatens to win with ...Rg3+.} 50. Rxb7 Rg3+ 51. Bd3 Rxf4 52. Kc2 (52. Rd7 $142) 52... Rxh4 53. Rc7 (53. Rf1 {was worth a try.} Rh2+ 54. Kc3) 53... Bd4 {Hoping for ...Rh2+.} 54. Rxc6+ Kg5 {White must now prevent ...Rh2+.} 55. Rd1 Rh2+ 56. Rd2 $2 (56. Kb3) 56... Rgg2 57. Rxg2+ Rxg2+ {[%mdl 4096] Endgame KRB-KRB} 58. Kd1 h4 59. Rc2 h3 60. Bf1 Rxc2 {Black mates.} 61. Kxc2 Kg4 62. Kd3 Ba7 63. b4 Kg3 {Accuracy: White = 54%, Black = 55%.} 0-1

[Event "2nd Goa GM Open 2019"]
[Site "Goa"]
[Date "2019.06.24"]
[Round "9.11"]
[White "Fier, Alexandr"]
[Black "Anuj Shrivatri"]
[Result "0-1"]
[WhiteElo "2543"]
[BlackElo "2336"]
[Annotator "TA"]
[PlyCount "74"]
[EventDate "2019.06.17"]
[EventType "swiss"]
[EventCountry "IND"]
[SourceTitle "playchess.com"]
[Source "ChessBase"]
[SourceQuality "1"]

{[%evp 12,74,14,2,2,0,6,0,0,4,27,1,10,3,14,12,7,0,64,51,44,50,51,38,28,17,33,18,0,0,75,84,135,86,99,0,0,0,0,0,0,0,0,-135,-42,-141,0,-539,-549,-502,-509,-465,-457,-435,-428,-404,-416,-29982,-29983,-29982,-29983,-29983,-29984,-29983,-29984]} 1. d4 Nf6 2. c4 e6 3. Nf3 d5 4. Nc3 Be7 5. Bf4 O-O 6. e3 b6 7. Qc2 Ba6 {D37: Queen's Gambit Declined: 5 Bf4} (7... Bb7 8. Rd1 Bd6 9. Bg3 Nbd7 10. cxd5 Nxd5 11. e4 Nxc3 12. bxc3 Bxg3 13. hxg3 e5 14. Bb5 c6 15. Be2 Qc7 {½-½ (51) Caruana,F (2832)-Nakamura,H (2746) London 2018}) 8. Ne5 dxc4 9. Bxc4 Bxc4 {The position is equal.} 10. Nxc4 Nd5 11. Bg3 $146 ({Predecessor:} 11. Rd1 Nxf4 12. exf4 Bd6 13. O-O Nd7 14. g3 Nf6 15. Ne5 {1-0 (58) Kveinys,A (2512)-Cummings,D (2341) Reykjavik 2012}) 11... c5 12. dxc5 Nxc3 13. cxb6 Qd5 14. Qxc3 {Strongly threatening 0-0.} Bf6 (14... Qxg2 $11 15. O-O-O g6) 15. Be5 $14 Bxe5 16. Nxe5 Qxg2 17. Ke2 Qb7 18. bxa7 Rxa7 19. Rhc1 Qb5+ 20. Ke1 Rb7 (20... Ra4 $11 {remains equal.}) 21. a4 $16 Qd5 (21... Qxb2 $142 22. Qxb2 Rxb2) 22. Rd1 Qe4 23. Ke2 ({White should try} 23. Nd3 $16 {And now Nc5 would win.} Qg2 24. Ke2 Qg4+ 25. f3 Qg2+ 26. Nf2 Qxh2 27. Rh1) 23... f6 $11 24. Nf3 Nc6 25. Rd2 Ne5 26. Nxe5 fxe5 27. Qd3 {[#]} (27. Rg1 $11 {keeps the balance.}) 27... Qg2 $1 {[%mdl 512]} 28. Ke1 (28. Rf1 $1 $15) 28... Rb3 ({Black should play} 28... Rb4 $17 {aiming for ...Rg4.} 29. Rad1 Qxh2) 29. Qc4 $2 {[%mdl 8192]} (29. Qxb3 $11 Qg1+ 30. Ke2 Qxf2+ 31. Kd3 (31. Kd1 $2 Qf1+ 32. Kc2 Rc8+ 33. Qc3 Rxc3+ 34. Kxc3 Qxa1 $19) 31... Qf5+ 32. e4 Qf3+ 33. Kc2 (33. Kc4 {gets mated.} Rc8+ 34. Kb4 Qf8+ 35. Rd6 Qxd6+ 36. Ka5 Ra8+ 37. Kb5 Rb8+ {[%mdl 64] Skewer} 38. Ka5 Rxb3 39. h4 Qb6#) 33... Rc8+ 34. Qc3 Rxc3+ 35. bxc3) 29... Qg1+ $19 30. Qf1 {[#]} Rxe3+ $1 {[%mdl 576] Pin} 31. Re2 (31. fxe3 Qxf1#) 31... Rxe2+ 32. Kxe2 {[%mdl 4096] Endgame KQR-KQR} Qg4+ 33. f3 Qc4+ 34. Kd2 (34. Kf2 $19 Qd4+ {[%mdl 64] Double Attack} 35. Kg3) 34... Rd8+ {Black mates.} 35. Ke1 Qb4+ {[%mdl 64] Double Attack} 36. Kf2 Rd2+ {[%mdl 64] Double Attack} 37. Kg1 Qh4 {Accuracy: White = 43%, Black = 54%.} 0-1

[Event "2nd Goa GM Open 2019"]
[Site "Goa"]
[Date "2019.06.24"]
[Round "9.12"]
[White "Gukesh D"]
[Black "Koustav Chatterjee"]
[Result "*"]
[WhiteElo "2543"]
[BlackElo "2404"]
[Annotator "TA"]
[PlyCount "29"]
[EventDate "2019.06.17"]
[EventType "swiss"]
[EventCountry "IND"]
[SourceTitle "playchess.com"]
[Source "ChessBase"]
[SourceQuality "1"]

{[%evp 11,12,2,3]} 1. c4 c5 2. Nc3 Nc6 3. Nf3 g6 4. e3 Nf6 5. d4 cxd4 6. Nxd4 Bg7 {Predecessor:} 7. Be2 $146 d5 8. cxd5 Nxd5 9. Nxc6 bxc6 10. Na4 O-O 11. O-O Bf5 12. g4 Be6 13. e4 Nb4 14. Nc5 Bxa2 15. Qa4 {1-0 (38) Wang,H (2743)-Anand,V (2783) Stavanger 2013} *

[Event "2nd Goa GM Open 2019"]
[Site "Goa"]
[Date "2019.06.24"]
[Round "9.13"]
[White "Burmakin, Vladimir"]
[Black "Gusain, Himal"]
[Result "1-0"]
[WhiteElo "2526"]
[BlackElo "2404"]
[Annotator "TA"]
[PlyCount "155"]
[EventDate "2019.06.17"]
[EventType "swiss"]
[EventCountry "IND"]
[SourceTitle "playchess.com"]
[Source "ChessBase"]
[SourceQuality "1"]

{[%evp 14,165,33,21,22,13,22,3,8,-7,0,-16,0,-18,-8,-19,-20,-42,-35,-77,-65,-64,-50,-67,-8,-43,-11,-16,-8,-8,0,0,47,13,19,24,47,13,10,12,12,14,27,0,0,0,0,0,4,0,0,0,8,7,6,12,35,32,74,76,70,24,24,33,38,8,8,8,59,8,8,9,16,18,462,462,345,59,59,59,59,59,59,59,59,59,59,59,59,0,59,8,21,21,21,21,21,0,21,0,21,0,21,21,21,21,21,21,21,21,21,21,21,21,695,156,156,156,8505,6634,5602,5190,4100,2354,2310,0,59,0,1703,0,1823,1616,29985,29986,29986,29987,29987,29988,29988,29975,29975,29976,29976,29977,29977,29977,29977,29978,29982,29983,29987,29988,29989,29990]} 1. Nf3 f5 2. b3 d6 3. d4 Nf6 4. Bb2 g6 5. g3 Bg7 6. Bg2 O-O 7. O-O Ne4 8. Nfd2 d5 {A81: Dutch Defence: 2 g3} 9. c4 {Black should prevent cxd5.} e6 10. Na3 $146 ({Predecessor:} 10. Nxe4 dxe4 11. Qd2 Rf7 12. Rd1 Rd7 13. d5 Bxb2 14. Qxb2 c6 15. Nc3 cxd5 16. cxd5 exd5 {½-½ (69) Sandipan,C (2555)-Nijboer,F (2568) Amsterdam 2004}) 10... c5 {The position is equal.} 11. cxd5 exd5 12. Nf3 Nc6 13. e3 Be6 14. Qe2 cxd4 15. Nxd4 Nxd4 16. exd4 Bd7 17. f3 Nd6 18. Rfe1 Bf6 (18... f4 $15) 19. Nc2 {[%cal Ba3c2,Bc2b4,Bb4d3,Bd3e5][%mdl 32]} f4 20. Nb4 Qa5 21. Nd3 Rae8 22. Qf2 g5 23. Ne5 fxg3 24. hxg3 Bf5 25. g4 Be6 26. a4 Nf7 27. Nd3 Bd7 28. Rec1 Qd8 29. Ba3 Be7 30. Bxe7 Rxe7 31. Re1 Rfe8 32. Rxe7 Qxe7 33. Re1 Qd8 34. Rxe8+ Bxe8 35. f4 $36 {[%mdl 2048] White has good play.} b5 36. axb5 Bxb5 37. Ne5 Nxe5 38. fxe5 {And now e6 would win.} Be8 39. e6 h6 $1 40. Qf5 Qd6 (40... Kg7 $1 $11) 41. Bxd5 (41. Qxd5 $14 Qxd5 42. Bxd5) 41... Kg7 $11 42. Kf2 Bg6 43. Qf3 Qf8 $2 {[%mdl 8192]} (43... h5 $11) 44. Qxf8+ $1 $18 Kxf8 {[%mdl 4096] Endgame KB-KB} 45. b4 $2 (45. Bf3 $1 $18 Ke7 46. d5) 45... Ke7 $14 46. Bc4 Kd6 47. Ke3 h5 48. gxh5 Bxh5 49. d5 Ke5 50. Kf2 Be8 51. Ke3 Bh5 $1 52. Be2 ({White should try} 52. Bb3 $14) 52... Be8 53. Bf3 Bg6 54. Bg2 Bf5 55. Bf3 Bg6 56. Bg2 Bf5 57. Bf3 Bg6 58. Kf2 Bf5 59. Bh1 Bg6 60. Ke3 Be8 61. Be4 Bh5 62. Kd3 g4 63. Bg2 Be8 $2 {[%mdl 8192]} (63... g3 $11) 64. Kc4 $1 $18 {[%cal Rc4c5] Strongly threatening Kc5.} Kd6 {[#]} 65. Kd4 $1 Ba4 $2 {[#]} (65... Bg6 $16 66. Ke3 Bc2) 66. Ke4 $1 {[%cal Re4f4]} Bd1 67. Kf4 Be2 68. Be4 Bd1 69. Bd3 $2 (69. Bh1 $18 Be2 70. Be4) 69... Bf3 (69... Bb3 $11) 70. Be4 $2 {[%mdl 8192]} (70. Bc4 $14) 70... Bd1 $1 71. Bg2 $2 (71. Bh1 $18 Be2 72. Bg2) 71... a6 $2 {[%mdl 8192]} (71... Be2 $11) 72. Kf5 Ke7 73. Ke5 {White mates.} Bf3 74. d6+ Ke8 75. Bf1 g3 76. Bxa6 Bc6 77. Bf1 g2 {[#]} 78. d7+ {Played: Bf1xg2} 1-0

[Event "2nd Goa GM Open 2019"]
[Site "Goa"]
[Date "2019.06.24"]
[Round "9.14"]
[White "Mohammad Nubairshah Shaikh"]
[Black "Anurag, Mhamal"]
[Result "1-0"]
[WhiteElo "2436"]
[BlackElo "2497"]
[Annotator "TA"]
[PlyCount "78"]
[EventDate "2019.06.17"]
[EventType "swiss"]
[EventCountry "IND"]
[SourceTitle "playchess.com"]
[Source "ChessBase"]
[SourceQuality "1"]

{[%evp 16,78,45,39,48,39,56,11,52,20,22,52,29,29,31,37,29,0,15,-7,-29,-24,-28,-80,-8,-62,-41,-149,-151,-135,-163,-326,-289,-316,-323,-283,-279,-286,-285,-289,-316,-409,-390,-414,-333,-283,-30,-35,-29,-36,-28,-33,-8,-33,0,-38,8,8,8,2,14,-468,0,0,18]} 1. d4 Nf6 2. c4 c5 3. d5 b5 4. cxb5 a6 5. bxa6 g6 6. Nc3 Bg7 7. g3 O-O 8. Bg2 d6 9. Nf3 Nbd7 {A58: Benko/Volga Gambit: Lines with 5 bxa6} (9... Nxa6 10. O-O Bf5 11. Nh4 Bd7 12. b3 Qb6 13. Bd2 Rfb8 14. Re1 Nc7 15. Qc2 Ra3 16. Qc1 Qa7 17. e4 Ng4 18. h3 {0-1 (38) Li,C (2732)-Shankland,S (2671) Liaocheng 2018}) 10. O-O Nb6 11. Nh4 Rxa6 $146 ({Predecessor:} 11... Bxa6 12. Qc2 Nfd7 13. Nf3 Qc7 14. Rd1 Rfb8 15. Nd2 Nc8 16. Nf1 Na7 17. Rb1 {½-½ (36) Stupak,K (2547)-Santos Latasa,J (2585) Budapest 2019}) 12. Re1 e6 13. dxe6 Bxe6 14. e4 Nc4 15. Bf1 Rb6 16. Qc2 {Strongly threatening Na4.} Ne5 17. Na4 Rb8 18. Bd2 Nfg4 19. Bg2 (19. Be2 $11 {remains equal.}) 19... Nc6 ({Reject} 19... Qf6 20. f4 $11) (19... Bd7 $17 20. h3 Bxa4 21. Qxa4 Nxf2 {[%mdl 64] Decoy} 22. Kxf2 Nd3+ 23. Kg1 Nxe1 24. Rxe1 Rxb2) 20. Nf3 ({White should try} 20. Bc3 $11) 20... Nb4 $36 {[%mdl 2048] Black is more active.} 21. Qb1 (21. Bxb4 $15 Rxb4 22. Nc3) 21... Qd7 $17 22. Nc3 {[#]} c4 $1 {aiming for ...Nd3.} 23. h3 $2 {[#]} (23. Bf1) 23... Nxf2 $1 $19 {[%mdl 576] Discovered Attack, Decoy} 24. Kxf2 {Threatening Bf1.} Nd3+ {[%mdl 64] Double Attack, Discovered Attack} 25. Kg1 Rxb2 (25... Nxe1 26. Qxe1 Rxb2 27. Kh2 $11) 26. Qd1 Nxe1 27. Qxe1 Bxh3 28. Rc1 Bxg2 29. Kxg2 Re8 30. Nd5 Rxa2 $2 (30... f5 $19 31. Rxc4 Qe6) 31. Rxc4 $11 h6 32. Qb1 Rb2 33. Qd3 Qb7 34. Kh3 Qd7+ 35. Kg2 Kh7 36. e5 Rf8 37. Rh4 {Black must now prevent Qe3.} Qb5 38. Rc4 $2 {[%mdl 8192]} (38. Nf6+ $11 {and White stays safe.} Bxf6 39. Rxh6+ Kg7 40. exf6+ Kxf6 41. Qd4+ (41. Qxd6+ Kg7 $11) 41... Ke7 42. Rh1) 38... Qd7 $2 (38... dxe5 $19 39. Nc3 {[#]} Rd8 $1 {[%mdl 512]}) 39. Rh4 {Hoping for Qe3.} Qb5 {[%mdl 32768] Accuracy: White = 33%, Black = 50%. . Loss on time!?} 1-0

[Event "2nd Goa GM Open 2019"]
[Site "Goa"]
[Date "2019.06.24"]
[Round "9.15"]
[White "Sankalp Gupta"]
[Black "Gagare, Shardul"]
[Result "*"]
[WhiteElo "2359"]
[BlackElo "2482"]
[Annotator "TA"]
[PlyCount "23"]
[EventDate "2019.06.17"]
[EventType "swiss"]
[EventCountry "IND"]
[SourceTitle "playchess.com"]
[Source "ChessBase"]
[SourceQuality "1"]

{[%evp 14,23,18,38,36,4,7,0,8,0,0,0]} 1. e4 e6 2. d4 d5 3. Nd2 c5 4. exd5 Qxd5 5. Ngf3 cxd4 6. Bc4 Qd8 7. O-O Nc6 8. Nb3 a6 {C07: French Tarrasch: 3...c5, 4 Ngf3 and 4 exd5 Qxd5} 9. Qe2 {[%mdl 1024] White has compensation.} b5 {The position is equal.} 10. Bd3 Nf6 11. Bg5 Bb7 12. Rad1 $146 ({Predecessor:} 12. a4 b4 13. Be4 Bd6 14. Rad1 O-O 15. Nbxd4 Nxd4 16. Rxd4 Bxe4 17. Rxe4 {0-1 (59) Sjugirov,S (2612)-Riazantsev,A (2661) Moscow 2009}) *

[Event "2nd Goa GM Open 2019"]
[Site "Goa"]
[Date "2019.06.24"]
[Round "9.16"]
[White "Kunte, Abhijit"]
[Black "Michelle Catherina, P."]
[Result "*"]
[WhiteElo "2478"]
[BlackElo "2182"]
[Annotator "TA"]
[PlyCount "29"]
[EventDate "2019.06.17"]
[EventType "swiss"]
[EventCountry "IND"]
[SourceTitle "playchess.com"]
[Source "ChessBase"]
[SourceQuality "1"]

{[%evp 12,14,23,-11,10]} 1. d4 Nf6 2. c4 e6 3. g3 d5 4. Bg2 Bb4+ 5. Nd2 O-O 6. Ngf3 dxc4 7. Qc2 c5 {E04: Open Catalan: 5 Nf3} {Predecessor:} 8. dxc5 $146 c3 9. bxc3 Bxc5 10. O-O Qc7 11. Ne4 Nxe4 12. Qxe4 Nd7 13. Bf4 Bd6 14. Bxd6 Qxd6 15. Rfd1 {1-0 (47) Giri,A (2768)-Adams,M (2745) London 2014} *

[Event "2nd Goa GM Open 2019"]
[Site "Goa"]
[Date "2019.06.24"]
[Round "9.17"]
[White "Neverov, Valeriy"]
[Black "Konguvel, Ponnuswamy"]
[Result "*"]
[WhiteElo "2470"]
[BlackElo "2293"]
[Annotator "TA"]
[PlyCount "35"]
[EventDate "2019.06.17"]
[EventType "swiss"]
[EventCountry "IND"]
[SourceTitle "playchess.com"]
[Source "ChessBase"]
[SourceQuality "1"]

{[%evp 11,12,31,17]} 1. c4 g6 2. Nc3 Bg7 3. d4 Nf6 4. e4 d6 5. f3 O-O 6. Be3 c5 {Predecessor:} 7. dxc5 $146 dxc5 8. Qxd8 Rxd8 9. Bxc5 Nc6 10. Be3 Be6 11. Rc1 Rac8 12. b3 Nb4 13. Nh3 Bxh3 14. gxh3 Nh5 15. Nd5 Nc6 16. Kf2 e6 17. Nf4 Nxf4 18. Bxf4 {½-½ (30) Ma,Q (2629)-Yu,Y (2759) Hangzhou 2018} *

[Event "2nd Goa GM Open 2019"]
[Site "Goa"]
[Date "2019.06.24"]
[Round "9.18"]
[White "Nguyen, Van Huy"]
[Black "Matta, Vinay Kumar"]
[Result "0-1"]
[WhiteElo "2456"]
[BlackElo "2181"]
[Annotator "ChessBase"]
[PlyCount "96"]
[EventDate "2019.06.17"]
[EventType "swiss"]
[EventCountry "IND"]
[SourceTitle "playchess.com"]
[Source "ChessBase"]
[SourceQuality "1"]
[TimeControl "5400+30"]

1. d4 {[%emt 0:00:00]} Nf6 {[%emt 0:10:03]} 2. c4 {[%emt 0:01:49]} g6 {[%emt 0:00:05]} 3. Nc3 {[%emt 0:00:25]} Bg7 {[%emt 0:00:05]} 4. e4 {[%emt 0:00:05]} d6 {[%emt 0:00:03]} 5. Nf3 {[%emt 0:00:31]} O-O {[%emt 0:00:08]} 6. Be2 {[%emt 0:00:06]} e5 {[%emt 0:00:04]} 7. Be3 {[%emt 0:00:34]} Ng4 {[%emt 0:00:16]} 8. Bg5 {[%emt 0:00:11]} f6 {[%emt 0:00:06]} 9. Bh4 {[%emt 0:01:02]} g5 {[%emt 0:01:11]} 10. Bg3 {[%emt 0:00:24]} Nh6 {[%emt 0:00:12]} 11. dxe5 {[%emt 0:06:58]} dxe5 {[%emt 0:00:54]} 12. Qd5+ {[%emt 0:00:34]} Nf7 {[%emt 0:00:26]} 13. Rd1 {[%emt 0:06:29]} Qe7 {[%emt 0:00:44]} 14. Qa5 {[%emt 0:03:24]} c6 {[%emt 0:01:34]} 15. h4 {[%emt 0:03:48]} g4 {[%emt 0:10:25]} 16. Nh2 {[%emt 0:02:08]} h5 {[%emt 0:02:33]} 17. f3 {[%emt 0:05:54]} Nh6 {[%emt 0:01:12]} 18. Bf2 {[%emt 0:03:49]} Na6 {[%emt 0:05:29]} 19. Nf1 {[%emt 0:04:30]} Be6 {[%emt 0:10:03]} 20. Ng3 {[%emt 0:05:19]} Bf7 {[%emt 0:04:46]} 21. Nf1 {[%emt 0:00:00]} Be6 {[%emt 0:00:00]} 22. Ng3 {[%emt 0:01:00]} Bf7 {[%emt 0:01:00]} 23. Be3 {[%emt 0:02:57]} Be6 {[%emt 0:00:00]} 24. Bf2 {[%emt 0:00:00]} Bf7 {[%emt 0:01:00]} 25. Be3 {[%emt 0:01:00]} Bg6 {[%emt 0:05:54]} 26. fxg4 {[%emt 0:06:22]} hxg4 {[%emt 0:01:31]} 27. O-O {[%emt 0:01:26]} Kh8 {[%emt 0:16:07]} 28. Nf5 {[%emt 0:05:54]} Bxf5 {[%emt 0:05:03]} 29. exf5 {[%emt 0:00:30]} Rfd8 {[%emt 0:01:48]} 30. Rxd8+ {[%emt 0:04:16]} Rxd8 {[%emt 0:02:52]} 31. Ne4 {[%emt 0:00:30]} Rd4 {[%emt 0:02:58]} 32. Ng3 {[%emt 0:18:15]} Nf7 {[%emt 0:10:14]} 33. Bxd4 {[%emt 0:01:09]} exd4 {[%emt 0:00:07]} 34. Bxg4 {[%emt 0:00:05]} Qe3+ {[%emt 0:00:45]} 35. Kh2 {[%emt 0:00:23]} Bf8 {[%emt 0:01:06]} 36. Bh5 {[%emt 0:04:23]} Bb4 {[%emt 0:01:16]} 37. Qa4 {[%emt 0:00:32]} Bd6 {[%emt 0:00:31]} 38. Rf3 {[%emt 0:02:42]} Qh6 {[%emt 0:00:10]} 39. Bxf7 {[%emt 0:00:44]} Qxh4+ {[%emt 0:00:08]} 40. Kg1 {[%emt 0:00:01]} Bxg3 {[%emt 0:00:12]} 41. Rxg3 {[%emt 0:02:35]} Qxg3 {[%emt 0:00:06]} 42. Qd1 {[%emt 0:00:14]} Kg7 {[%emt 0:01:06]} 43. Be6 {[%emt 0:01:41]} Qe3+ {[%emt 0:01:08]} 44. Kh1 {[%emt 0:00:07]} d3 {[%emt 0:00:55]} 45. Qg4+ {[%emt 0:01:04]} Qg5 {[%emt 0:00:44]} 46. Qd4 {[%emt 0:00:14]} d2 {[%emt 0:00:31]} 47. g4 {[%emt 0:01:01]} Nc5 {[%emt 0:00:44]} 48. Kg2 {[%emt 0:01:00]} Nd3 {[%emt 0:00:32]} 0-1

[Event "2nd Goa GM Open 2019"]
[Site "Goa"]
[Date "2019.06.24"]
[Round "9.19"]
[White "Mchedlishvili, Mikheil"]
[Black "Rohith Krishna S"]
[Result "1-0"]
[WhiteElo "2609"]
[BlackElo "2347"]
[Annotator "TA"]
[PlyCount "91"]
[EventDate "2019.06.17"]
[EventType "swiss"]
[EventCountry "IND"]
[SourceTitle "playchess.com"]
[Source "ChessBase"]
[SourceQuality "1"]

{[%evp 14,91,31,22,29,19,22,25,52,63,71,54,60,43,72,77,195,0,51,0,101,70,79,62,70,103,89,96,105,24,12,21,52,63,68,38,73,82,268,278,278,286,280,283,302,306,296,281,283,290,260,216,236,235,323,197,240,214,200,0,0,0,112,0,78,75,322,60,531,266,29987,29988,29994,29995,29995,29982,29978,29979,29979,5924]} 1. d4 Nf6 2. c4 e6 3. Nf3 d5 4. Nc3 Be7 5. Bf4 O-O 6. e3 c6 7. Qc2 Nbd7 8. Rd1 b6 {D37: Queen's Gambit Declined: 5 Bf4} 9. Bd3 Bb7 10. O-O Qc8 {White has an edge.} 11. cxd5 exd5 12. Ne5 Re8 $146 ({Predecessor:} 12... g6 13. Rc1 Nxe5 14. Bxe5 Nd7 15. Bf4 c5 16. dxc5 bxc5 {1-0 (55) Sumets,A (2534)-Giffard,N (2379) Barcelona 2008}) 13. Bg3 Nf8 14. Bf5 N8d7 (14... Qd8 $16) 15. Bd3 (15. Nxd7 $18 Nxd7 16. Bxh7+ Kf8 17. Bf5) 15... Nf8 $1 $14 16. Bf5 (16. Rc1 $14) 16... Ne6 (16... N8d7 $1 $11) 17. Bh4 g6 18. Bh3 Nh5 19. Bxe7 Rxe7 20. f4 $1 f6 21. Nf3 (21. Nxg6 $1 $16 hxg6 22. Qxg6+ {[%mdl 64] Double Attack} Nhg7 23. Rf3) 21... Qe8 $11 22. f5 Nf8 23. g4 Ng7 24. g5 Rf7 25. e4 $36 {[%mdl 2048] White has strong initiative.} Bc8 $2 (25... gxf5 $16 {was called for.} 26. exf5 fxg5) 26. exd5 $18 Bxf5 27. Bxf5 Nxf5 28. Rde1 $1 {[%cal Re1e8]} Qd8 29. dxc6 Nxd4 30. Qe4 $1 Nxf3+ 31. Qxf3 (31. Rxf3 f5 $18) 31... f5 32. Ne4 Qd4+ 33. Kh1 $1 {Strongly threatening Qb3.} Kh8 34. Nf6 Rc8 35. b4 b5 36. Re8 $2 (36. Ne8 $18) 36... Rxe8 $11 37. Nxe8 {c7 is the strong threat.} Ne6 (37... Re7 $1 $11 38. Nf6 Qc4) 38. Rd1 (38. Rc1 $1 $16 {Threatens to win with c7.} Nc7 39. Rd1) 38... Qe5 ({Don't go for} 38... Nxg5 $2 39. Rxd4 Nxf3 40. Rd7 $18) (38... Qxb4 $11 {keeps the balance.} 39. Nd6 Re7) 39. Qd5 $1 $16 {[%cal Rd5e5]} Qe2 $2 {[#]} (39... Qe4+ $16 40. Qxe4 fxe4) 40. Qd3 $2 ({White must play} 40. c7 $1 $18 {[%cal Rc7c8][%mdl 512]} Rxc7 (40... Nxc7 41. Nxc7) 41. Nxc7 Nxc7 42. Qd3) 40... Qg4 $2 {[%mdl 8192]} ({Black should play} 40... Qe4+ $1 $14 41. Qxe4 fxe4) 41. c7 Rd7 $2 (41... Nxc7 $18 42. Nxc7 h6 43. gxh6 (43. Qc3+ Kh7 $18) 43... Kh7) 42. c8=Q {White mates.} ({Stronger than} 42. Qxd7 Qf3+ 43. Kg1 Qe3+ 44. Kh1 Qf3+ 45. Kg1 Qe3+ 46. Kh1 Qf3+ $11) 42... Rxd3 43. Nf6+ Nd8 44. Qxd8+ Rxd8 45. Rxd8+ Kg7 46. Nxg4 {Accuracy: White = 63%, Black = 37%.} (46. Rd7+ $142 Kf8 47. Nxh7+ Kg8 48. Nf6+ {[%mdl 64] Double Attack} Kf8 49. Nxg4 fxg4 50. Rxa7 Ke8 51. Kg2) 1-0